000 00826nam a22002657a 4500
001 291
003 BD-RjUL
005 20211208233142.0
008 131117s2007 ii a b 001 0 eng d
020 _a9788173198502
035 _a(BD-RjUL)308
040 _aBD-RjUL
_beng
_cBD-RjUL
_dBD-RjUL
041 _aeng
082 0 4 _222
_a572.8636
_bDEM 2007
100 1 _aDeshmukh, Shailaja R.
_9939
245 1 _aMicroarray data :
_bstatistical analysis using R /
_cShailaja R. Deshmukh and Sudha G. Purohit.
260 _aNew Delhi :
_bNarosa Publishing House,
_cc2007.
300 _avarious pagins :
_bill;
_c22 cm.
504 _aIncludes bibliographical references and index.
526 _bScience
650 _aDNA microarrays.
_9940
650 _aMicroarray Analysis
_9941
700 1 _aPurohit, Sudha G.
_9942
942 _2ddc
_cBK
999 _c291
_d291